Designing for Small Screens mobile phones I Smart phones PDAs I Pocket PCs Navigation Systems MP3 (Record no. 4148)

000 -LEADER
fixed length control field 00333nam a2200109Ia 4500
008 - FIXED-LENGTH DATA ELEMENTS--GENERAL INFORMATION
fixed length control field 200302s9999 xx 000 0 und d
100 ## - MAIN ENTRY--PERSONAL NAME
Personal name Garoline Walmsley
245 ## - TITLE STATEMENT
Title Designing for Small Screens mobile phones I Smart phones PDAs I Pocket PCs Navigation Systems MP3
260 ## - PUBLICATION, DISTRIBUTION, ETC.
Name of publisher, distributor, etc. Ava Publishing Sa
260 ## - PUBLICATION, DISTRIBUTION, ETC.
Date of publication, distribution, etc. 2005
300 ## - PHYSICAL DESCRIPTION
Extent 176 P.,
Holdings
Withdrawn status Lost status Source of classification or shelving scheme Damaged status Not for loan Permanent Location Current Location Date acquired Cost, normal purchase price Full call number Barcode Date last seen Price effective from Koha item type Public note
          BMS College of Architecture, Design and Planning BMS College of Architecture, Design and Planning 2020-03-03 1665.76 006.6 CL-UG69134 2020-03-03 2020-03-03 UG Books from CL S-02
Copyright © 2025, The Librarian, Library and Information Centre, BMSCA D&P, Bengaluru. All Rights Reserved
web counter

Powered by Koha